| 000 | 01238cam a2200253 4500 | ||
|---|---|---|---|
| 008 | 011108n2001 000 0 eng u | ||
| 020 | _a0860175235 | ||
| 035 | _a(Sirsi) u115531 | ||
| 050 | _a627.4 | ||
| 110 |
_aConstruction Industry Research and Information Association _94810 |
||
| 245 | _aSustainable urban drainage systems : best practice manual for England, Scotland, Wales and Northern Ireland | ||
| 260 |
_aLondon _bCIRIA _c2001 |
||
| 300 |
_a131p. _bill. _c30cm. |
||
| 350 | _a90.00 | ||
| 490 |
_aCIRIA _vc523 |
||
| 520 | _aA companion to CIRIA publications C521, "Sustainable urban drainage systems: design manual for Scotland and Northern Ireland", and C522, "Sustainable urban drainage systems: design manual for England and Wales" this volume provides guidance on the wider aspects of sustainable urban drainage systems (SUDS) best practice, including legislative issues and how organisations can work together, employing SUDS to ensure that developments are more sustainable. | ||
| 650 | _aDRAINAGE | ||
| 650 | _aDRAINAGE SYSTEMS | ||
| 650 | _aSUSTAINABLE URBAN DRAINAGE SYSTEMS | ||
| 650 | _aSURFACE WATER | ||
| 650 | _aSUSTAINABLE URBAN DRAINAGE SYSTEMS | ||
| 690 | _aDEVELOPMENT-SUSTAINABLE | ||
| 942 | _n0 | ||
| 999 |
_c101758 _d101758 |
||